Pays commençant par la lettre -B- Merci pour 3k tentatives - Statistiques

Statistiques générales
  • Ce quiz a été pris 150 fois
  • Le résultat moyen est 13 sur 18
Statistiques - réponses
Continent Pays % Correct
Europe Belgique
95%
Amérique Bolivie
88%
Asie Bhoutan
78%
Amérique Brésil
78%
Amérique Bélize
77%
Asie Birmanie
77%
Europe Bosnie-Herzégovine
74%
Amérique Bahamas
72%
Afrique Botswana
71%
Europe Bulgarie
71%
Asie Bangladesh
70%
Afrique Bénin
70%
Asie Bahreïn
69%
Amérique Barbade
69%
Asie Biélorussie
69%
Afrique Burkina Faso
69%
Afrique Burundi
64%
Asie Brunei
60%
Aucun quiz correspondant
Distribution des résultats
% des personnes avec chaque résultat
Percentile par nombre de réponses
Votre historique - résultats
Vous n’avez pas pris ce quiz